000 00320nam a2200121Ia 4500
008 190216s9999||||xx |||||||||||||| ||und||
100 _aKrishnan Arora
245 0 _aPractical Radio Assembling And Servicing
260 _bRadio Television Training Centre Agra
_c1982
300 _a164p
650 _aPhysics
942 _cBK
999 _c33057
_d33057